| 000 | 00465nam a22001457a 4500 | ||
|---|---|---|---|
| 008 | 230605b xxu||||| |||| 00| 0 eng d | ||
| 020 | _a978-9966-102-49-2 | ||
| 020 | _a978-9966-102-48-5 | ||
| 082 |
_a330.97 _bKEN |
||
| 245 |
_aEconomic Survey 2025 _cKenya National Bureau of Statistics |
||
| 260 |
_aNairobi: _bKenya National Bureau of Statistics, _c2025 |
||
| 300 | _axxxvi, 554p | ||
| 710 |
_bKenya National Bureau of Statistics _cNairobi _d2025 |
||
| 942 |
_2ddc _cBK |
||
| 999 |
_c4132 _d4132 |
||